| 000 | 00622nam a2200241 a 4500 | ||
|---|---|---|---|
| 001 | nice12345678 | ||
| 003 | IN_TiNIC | ||
| 005 | 20260116013715.0 | ||
| 008 | 050524s1993 newa grp 000 0 eng | ||
| 020 |
_a8185990 _c150 |
||
| 082 | 0 | 0 |
_a294.5 _bTAL |
| 100 | _aTalageri, Shrikant G | ||
| 245 | _aAryan Invasion Theory and Indian Nationalism | ||
| 260 |
_aNew Delhi _bVoice of India _c1993 |
||
| 300 | _a408p | ||
| 500 | _aincludes index and biblioraphy | ||
| 505 | 2 | _aBibliography, Index | |
| 650 | _aHinduism | ||
| 700 | 1 | _aTalageri, Shrikant G | |
| 902 | _bSRS | ||
| 942 | _cBK | ||
| 999 |
_c12072 _d12072 |
||